000 00827nam a22002417a 4500
999 _c14967
_d14967
003 MIRAKIL
005 20220825172748.0
008 220825b tu ||||| |||| 00| 0 tur d
020 _a9789944887236
040 _aTR-AnCHP
_cTR-AnCHP
041 _atur
082 _a956.1024
_bK26l 2022
100 _aKaracan, Ali Naci
245 1 0 _aLozan :
_banı /
_cAli Naci Karacan ; yayına hazırlayan: Hulûsi Turgut.
250 _a10 bsm.
260 _aİstanbul :
_bTürkiye İş Bankası Kültür Yayınları,
_c2022.
300 _axxiv, 576 s.:
_bfotg.; hrt.;
_c20 sm.
490 0 _aTürkiye İş Bankası Kültür Yayınları;
_vGenel yayın: 1783
600 0 _97150
_aKaracan, Ali Naci
_cGazeteci
_d1896-1955
_xAnılar
650 4 _91099
_aTarih
_xLozan konferansı
700 1 _92364
_aTurgut, Hulusi
_ehaz.
942 _2ddc
_cBKS